| 000 | 00831nam a22002297a 4500 | ||
|---|---|---|---|
| 005 | 20241024140959.0 | ||
| 010 | _aENG-122659 ENG-142353 | ||
| 020 |
_a9788178245119 _c595.00 |
||
| 035 | _aB-682563-568 | ||
| 035 | _aEN-125885 | ||
| 035 | _aEN-106191 | ||
| 037 |
_bAakar _adpl |
||
| 037 | _bDBAD/PUB | ||
| 082 | _a305.5688 | ||
| 245 |
_aDalit studies/ _cedited by Ramnarayan S. Rawat and K. Satyanarayana |
||
| 260 |
_aRanikhet _bPermanent Black _c2017 |
||
| 270 |
_aHimalayana, Mall Road, Ranikhet Cantt. _bRanikhet _e263645 |
||
| 300 | v |
_axii,304p. _c21cm(pbk) |
|
| 500 | _aIncludes index | ||
| 942 |
_2ddc _cEN _mDAL _h305.5688 |
||
| 999 |
_c145727 _d145727 |
||